Heat transfer (Record no. 3641)

000 -LEADER
fixed length control field 00564nam a2200229 a 4500
001 - CONTROL NUMBER
control field 3641
003 - CONTROL NUMBER IDENTIFIER
control field BD-DhUET
008 - FIXED-LENGTH DATA ELEMENTS--GENERAL INFORMATION
fixed length control field 960506s1997 nyua b 001 0 eng
020 ## - INTERNATIONAL STANDARD BOOK NUMBER
International Standard Book Number 0071143203
020 ## - INTERNATIONAL STANDARD BOOK NUMBER
International Standard Book Number 0078447852
040 ## - CATALOGING SOURCE
Original cataloging agency DLC
Transcribing agency DLC
Modifying agency BD-DhUET
082 00 - DEWEY DECIMAL CLASSIFICATION NUMBER
Classification number 621.011
Item number HOL/1997
100 1# - MAIN ENTRY--PERSONAL NAME
Personal name Holman, J. P.
245 10 - TITLE STATEMENT
Title Heat transfer
250 ## - EDITION STATEMENT
Edition statement 8th ed.
260 ## - PUBLICATION, DISTRIBUTION, ETC. (IMPRINT)
Place of publication, distribution, etc. New York
Name of publisher, distributor, etc. McGraw-Hill
Date of publication, distribution, etc. 1997
300 ## - PHYSICAL DESCRIPTION
Extent xviii, 696 p.
Other physical details ill.
490 ## - SERIES STATEMENT
Series statement Schaum's outline series
504 ## - BIBLIOGRAPHY, ETC. NOTE
Bibliography, etc Includes bibliographies
650 #0 - SUBJECT ADDED ENTRY--TOPICAL TERM
Topical term or geographic name as entry element Heat transfer
942 ## - ADDED ENTRY ELEMENTS (KOHA)
Koha item type General Book
Holdings
Piece designation (barcode) Koha date last borrowed Koha date last seen Damaged status Copy number Koha item type Withdrawn status Koha full call number Koha issues (times borrowed) Date acquired Source of classification or shelving scheme Koha out on loan Sublocation or collection (holding branch) Koha normalized classification for sorting Location (home branch) Not for loan Price effective from Shelving location Lost status
924502025-04-272025-04-27 1General Book 621.011/HOL/199732014-11-03 2025-05-11Central Library, BUET621_011000000000000_HOL_1997Central Library, BUET 2014-11-03Circulation section 
92452 2014-11-03 2General Book 621.011/HOL/1997 2014-11-03  Central Library, BUET621_011000000000000_HOL_1997Central Library, BUET 2014-11-03Circulation section 
92453 2016-07-30 3General Book 621.011/HOL/1997 2014-11-03  Central Library, BUET621_000000000000000_011HOL1997Central Library, BUET 2014-11-03Circulation section 
924542022-01-092022-06-08 4General Book 621.011/HOL/199712014-11-03  Central Library, BUET621_000000000000000_011HOL1997Central Library, BUET 2014-11-03Circulation section 
924552024-10-022024-10-28 5General Book 621.011/HOL/199722014-11-03  Central Library, BUET621_000000000000000_011HOL1997Central Library, BUET 2014-11-03Circulation section 
924572023-12-102024-08-31 6General Book 621.011/HOL/199732014-11-03  Central Library, BUET621_000000000000000_011HOL1997Central Library, BUET 2014-11-03Circulation section 
92459 2014-11-03 7General Book 621.011/HOL/1997 2014-11-03  Central Library, BUET621_000000000000000_011HOL1997Central Library, BUET 2014-11-03Circulation section 
924602024-03-122024-08-28 8General Book 621.011/HOL/199712014-11-03  Central Library, BUET621_011000000000000_HOL_1997Central Library, BUET 2014-11-03Circulation section 
924612024-04-082024-06-22 9General Book 621.011/HOL/199712014-11-03  Central Library, BUET621_000000000000000_011HOL1997Central Library, BUET 2014-11-03Circulation section 
924622024-12-102025-03-12 10General Book 621.011/HOL/199752014-11-03  Central Library, BUET621_000000000000000_011HOL1997Central Library, BUET 2014-11-03Circulation section 
924642015-03-042017-05-03 11General Book 621.011/HOL/199712014-11-03  Central Library, BUET621_000000000000000_011HOL1997Central Library, BUET 2014-11-03Circulation section 
924652019-06-172019-07-10 12General Book 621.011/HOL/199732014-11-03  Central Library, BUET621_000000000000000_011HOL1997Central Library, BUET 2014-11-03Circulation section 
924662022-05-242022-06-08 13General Book 621.011/HOL/199732014-11-03  Central Library, BUET621_000000000000000_011HOL1997Central Library, BUET 2014-11-03Circulation section 
92468 2015-04-12 14General Book 621.011 HOL/1997 2015-04-12  Central Library, BUET621_011000000000000_HOL_1997Central Library, BUET 2015-04-12Circulation section 
92447 2015-07-02 15Reading Item 621.011/HOL/1997 2015-07-02  Central Library, BUET621_011000000000000_HOL_1997Central Library, BUET 2015-07-02Reading section 
92446 2015-07-09 16Reading Item 621.011/HOL/1997 2015-07-09  Central Library, BUET621_011000000000000_HOL_1997Central Library, BUET 2015-07-09Reading section